| 000 | 00867cam a22002777a 4500 | ||
|---|---|---|---|
| 003 | CHAP | ||
| 005 | 20220329135843.0 | ||
| 008 | 971013s1967 r 00010 d | ||
| 010 | _a43324 | ||
| 011 | _a44296 | ||
| 035 | _a48434 | ||
| 040 | _cCHAP | ||
| 082 |
_a301.15 _bF75 |
||
| 100 | 0 | 0 |
_aFriedman, Neil. _943298 |
| 245 | 1 | 4 | _aThe social nature of psychological research; the psychological experiment as a social interaction |
| 260 |
_aNew York : _bBasic Books, _c1967 |
||
| 300 | _a204 p. | ||
| 590 |
_aBATCH-UPD _b10 _c20130110 _lUCH01 _h1814 |
||
| 590 |
_aBATCH-UPD _b10 _c20130410 _lUCH01 _h1148 |
||
| 590 |
_aBATCH-UPD _b10 _c20130914 _lUCH01 _h1945 |
||
| 590 |
_aCONVERSION _b10 _c20130109 _lUCH01 _h1324 |
||
| 650 | 1 | 4 |
_aPsicologĂa social. _992616 |
| 901 | _aBK | ||
| 942 | _cLIBRO | ||
| 949 |
_a301.15 F75 _bBC _cLIBRO _d33724000287793 _eLIBRO _h28692 _i48434 _si |
||
| 999 |
_c43324 _d43324 |
||